000 00613nam a2200229Ia 4500
003 OSt
005 20220918200822.0
006 a|||||r|||| 00| 0
007 ta
008 220917b |||||||| |||| 00| 0 eng d
024 _a90,420
037 _cTextual
040 _aARTS
_cARTS
_beng
041 _2eng
_aeng
082 _aU8:591:L86, K8
100 _aQadir Khawaja Abdul
_995688
245 0 _aWaqai-i-Manazil-i Rum
_b diary of a journey to constantinople
260 _c1968
650 _aGEOGRAPHY
942 _hU8:591:L86, K8
_cTEXL
_2CC
999 _c214085
_d214085